Obálka Náhled e-knihy:
PDF Epub
Pro půjčování e-knih musíte být přihlášeni.
Jak si půjčit online?

Očista /

Satirický román, ve kterém se společnost v touze posunout se k naprosté dokonalosti stává plnou přetvářky a nenávisti.

Uloženo v:
Hlavní autor: Ondřich, Libor, 1991- (Autor)
Médium: E-kniha
Jazyk:Czech
Vydáno: V Praze : Pointa, 2024
Vydání:První vydání
Témata:
Tagy:
Žádné tagy
LEADER 02276nam a2200433 i 4500
001 312262
003 CZ PrSKC
005 20260601215719.0
007 ta
008 240125s2024 xr g 000 f cze
015 |a cnb003583436 
020 |a 9788076912120  |q (brožováno) 
035 |a (OCoLC)1429250802 
040 |a ABG001  |b cze  |e rda 
072 7 |a 821.162.3-3  |x Česká próza  |2 Konspekt 
080 |a 821.162.3-31  |2 MRF 
080 |a (0:82-313.1)  |2 MRF 
080 |a (0:82-313.2)  |2 MRF 
100 1 |a Ondřich, Libor,  |d 1991-  |7 xx0313203  |4 aut 
245 1 0 |a Očista /  |c Libor Ondřich 
250 |a První vydání 
264 1 |a V Praze :  |b Pointa,  |c 2024 
300 |a 288 stran ;  |c 20 cm 
336 |a text  |b txt  |2 rdacontent 
337 |a bez média  |b n  |2 rdamedia 
338 |a svazek  |b nc  |2 rdacarrier 
520 2 |a Satirický román, ve kterém se společnost v touze posunout se k naprosté dokonalosti stává plnou přetvářky a nenávisti.  |b Koušete si nehty? Chodíte věčně pozdě? Nebo si nedokážete zapamatovat jména lidí, co se vám právě představili? Pak by se vám mohlo snadno stát, že vás někdo blízký doporučí k očistě, tedy do programu, který má z lidské společnosti vymýtit nedokonalosti. Jenže nikdo není dokonalý a nic není takové, jak se na první pohled zdá. O tom se přesvědčí i Daniel Černý, nejnovější přírůstek kolonie, která vyléčí každou špatnou vlastnost. Nakladatelská anotace. Kráceno. 
655 7 |a české romány  |7 fd133974  |2 czenas 
655 7 |a satirické romány  |7 fd133330  |2 czenas 
655 7 |a antiutopické romány  |7 fd1151354  |2 czenas 
655 9 |a Czech fiction  |2 eczenas 
655 9 |a satirical novels  |2 eczenas 
655 9 |a dystopian novels  |2 eczenas 
900 |a ABA001  |b 19 
928 9 |a Albatros Media - Pointa 
044 |a xr 
910 |a RBIT002 
998 |d 395873  |a https://core.palmknihy.cz/api/books/395873/cover?s7nram  |b https://core.palmknihy.cz/api/books/395873/cover/400?s7nram  |c https://core.palmknihy.cz/api/books/395873/cover/50?s7nram  |e 2028-06-14  |g 296  |i 9788076912120  |j https://core.palmknihy.cz/api/books/395873/preview.epub  |k https://core.palmknihy.cz/api/books/395873/preview.pdf  |l   |q 49  |r 1  |s https://www.palmknihy.cz/kniha/395873  |t ebook  |y 2024  |z 0 
999 |d 312260